000 00338nam a2200133 i 4500
001 bg
100 1 _aKLEYFF, Zygmunt
245 0 _aSkładalność i koordynacja modularna w budownictwie /
_cZygmunt Kleyff.
260 _aBiałystok,
_c1979.
040 _cBPK
041 _apol
942 _cKS
008 s pl f |000 0 pol
999 _c19136
_d19136
856 _uhttp://koha.tu.koszalin.pl/cgi-bin/koha/opac-detail.pl?biblionumber=19136
_yKatalog online BPK